000 01705nam a2200385 c 4500
003 BLK
005 20180422102620.0
008 180408b bul|||||r ||||||| ||bul||
010 _aKNG00067867000
020 _a954-328-024-Х
_bиздат.: Арго Пъблишинг
040 _aBLK
041 _aBUL
_cBUL
080 _aВоенновъздушни сили. Вж и 355.3 ; 359
_b358.4
_x(497.2)(092)
_z358.4(497.2)(092)
080 _a
_b929 Симеонов, Симеон Стефанов
_x
_z929 Симеонов, Симеон Стефанов
100 1 _aХаралампиев, Дочо
_eпърви автор
_9291533
139 _aХаралампиев, Дочо
_bС 37
245 1 0 _aГенералът изтребител Симеон Симеонов - Монката и ескадрилата му
_cДочо Харалампиев.
257 _aBGR
260 София
_bАрго Пъблишинг
_c2005
_fСофия : Балкан прес
300 _a264 с.
_bс ил., 8 л. цв. ил.
_c24 см
380 _a3
500 _aКор. загл. Тоно. - Съдържа и Нещо за автора Дочо Харалампиев
600 1 4 _aСимеонов, Симеон Стефанов
_9370297
650 4 _aЛетци, военни - България
_9291534
650 4 _aВоенновъздушни сили - България - история
_9253835
653 _aлетци
653 _aвоенни летци
653 _aвоенновъздушни сили
653 _aСимеон Симеонов
852 _aЦб 229063
856 4 _qpdf
_u
856 4 _qpdf
_u
942 _cKNG
_n0
944 _aCR
_c23.08.2006
_kВаля_Йорданова
944 _aED
_c26.01.2010
_k
999 _c63627
_d63627